Statistics for Most sacked QB

Click here to take the quiz!

General Stats

  • This quiz has been taken 2 times
  • The average score is 5 of 10

Answer Stats

HintAnswer% Correct
7 - 39Dak Prescott
100%
2 - 62Bryce Young
50%
8 -38CJ Stroud
50%
5 - 44Justin Fields
50%
T9 - 37Lamar Jackson
50%
4 - 45Russell Wilson
50%
1 - 65Sam Howell
50%
3 - 46Zach Wilson
50%
6 - 40Baker Mayfield
0%
T9 - 37Tommy DeVito
0%

Score Distribution

Percentile by Number Answered

Percent of People with Each Score

Your Score History

You have not taken this quiz